| 000 | 00557nam a2200181 4500 | ||
|---|---|---|---|
| 999 |
_c171624 _d171624 |
||
| 005 | 20201110111059.0 | ||
| 010 | _aENG-127391 | ||
| 020 |
_a9789386473776 _c350.00 |
||
| 035 | _aEN-110922 | ||
| 037 | _bDBAD/PUB | ||
| 082 | _aS | ||
| 100 | _aKalra,Shireen | ||
| 245 |
_aAll Smiles some Tears little Fears : _bblessing of stars/ _cby Shireen Kalra. |
||
| 260 |
_aNew Delhi _bVitasta Publishing _c2020 |
||
| 270 |
_a2/15,Ansari-Road,Daryaganj _bNew Delhi _e110002 _minfo@vitastapublishing.com |
||
| 300 |
_aviii;216p. _c20cm(pbk) |
||
| 942 |
_2ddc _cEN _hS _mKAL |
||